000 00736nam a2200205Ia 4500
003 GCL
008 140319s9999 xx 000 0 ara d
040 _aGCL /
_cGCL
082 0 4 _a291.1783
_bب ع
100 1 _aبدران ابوالعنين بدران
245 1 0 _aالعلاقات الاجتماعية بين المسلمين وغير المسلمين فى الشريعة الاسلامية اليهودية والمسيحية /
_cبدران ابوالعنين بدران
260 _a[S.N] :
_bمؤسسة شباب الجامعة ،
_c1984
300 _a361
490 _a
650 0 4 _aالاسلام
650 0 4 _aاليهودية
650 0 4 _aالديانات
650 0 4 _aالدين المقارن
942 _2ddc
_cBK
999 _c30303
_d30303